| 000 | 00586nam a22001817a 4500 | ||
|---|---|---|---|
| 003 | BD-DhUL | ||
| 005 | 20210829103648.0 | ||
| 008 | 180920s1958 pk ||||| |||| 000 0 urd d | ||
| 040 |
_aBD-DhUL _cBD-DhUL |
||
| 082 |
_a891.431 _bKAM |
||
| 100 | 0 | _aمرزا ابو جعفر کشفی۔ | |
| 245 | 0 |
_aمکاشفات کشفی / _cمرزا ابو جعفر کشفی۔ |
|
| 246 | _aMukāshifāt-e Kasḥfī | ||
| 260 |
_aکراچی : _bاکیڈ یمی آف ایجوکیشنل ایرچ، _c۱۹۵۸۔ |
||
| 300 |
_aص۔ ۲۰۹ ؛ _c۱۸ سم۔ |
||
| 650 | 4 | _aUrdu poetry. | |
| 942 |
_2ddc _cBK |
||
| 999 |
_c243590 _d243590 |
||